LEADER 00977nam a2200253 i 4500 001 991003084149707536 008 021127s1999 caua 001 0 eng 020 $a0121822087 (v.307) 035 $ab11752385-39ule_inst 040 $aBiblioteca Interfacoltà $bita 082 0 $a570.282$221 245 00$aConfocal microscopy /$cedited by P. Michaal Conn 260 $aSan Diego :$bAcademic Press,$cc1999 300 $axxxii, 663 p., [26] c. di tav. :$bill. ;$c24 cm 490 0 $aMethods in enzymology ;$v307 504 $aInclude referenze bibliografiche ed indici 650 0$aMicroscopia confocale 700 1 $aConn, P. Michael 907 $a.b11752385$b27-04-17$c27-11-02 912 $a991003084149707536 945 $aLE002 Coll. 21.307 [dislocato c/o Biblioteca DiSTeBA]$g1$i2002000150059$lle003$op$pE0.00$q-$rl$s- $t0$u0$v0$w0$x0$y.i11995221$z27-11-02 996 $aConfocal microscopy$983571 997 $aUNISALENTO 998 $ale003$b27-11-02$cm$da $e-$feng$gcau$h0$i1 LEADER 01953oam 2200493M 450 001 9910716466403321 005 20200213070947.3 035 $a(CKB)5470000002521480 035 $a(OCoLC)1065623178 035 $a(OCoLC)995470000002521480 035 $a(EXLCZ)995470000002521480 100 $a20071213d1927 ua 0 101 0 $aeng 135 $aurcn||||||||| 181 $ctxt$2rdacontent 182 $cc$2rdamedia 183 $acr$2rdacarrier 200 10$aAppointment as warrant officers of Regular Army of persons with interruption of status in World War. February 23, 1927. -- Referred to the House Calendar and ordered to be printed 210 1$a[Washington, D.C.] :$c[U.S. Government Printing Office],$d1927. 215 $a1 online resource (2 pages) 225 1 $aHouse report / 69th Congress, 2nd session. House ;$vno. 2213 225 1 $a[United States congressional serial set] ;$v[serial no. 8689] 300 $aBatch processed record: Metadata reviewed, not verified. Some fields updated by batch processes. 300 $aFDLP item number not assigned. 606 $aMilitary promotions 606 $aWorld War, 1914-1918 606 $aArmed Forces$xOfficers 607 $aUnited States$xArmed Forces$xOfficers 607 $aUnited States$xArmed Forces$xNon-commissioned officers 608 $aLegislative materials.$2lcgft 615 0$aMilitary promotions. 615 0$aWorld War, 1914-1918. 615 0$aArmed Forces$xOfficers. 701 $aWurzbach$b Harry McLeary$f1874-1931$pRepublican (TX)$01386829 801 0$bWYU 801 1$bWYU 801 2$bOCLCO 801 2$bOCLCQ 801 2$bOCLCO 801 2$bOCLCQ 906 $aBOOK 912 $a9910716466403321 996 $aAppointment as warrant officers of Regular Army of persons with interruption of status in World War. February 23, 1927. -- Referred to the House Calendar and ordered to be printed$93459594 997 $aUNINA